[Event "Mechanics' Peter Grey TNM; G/2 d5"]
[Site "San Francisco"]
[Date "2017.09.12"]
[Round "6.1"]
[White "Stearman, Josiah P"]
[Black "Diaz, Conrado"]
[Result "1-0"]
[WhiteElo "2305"]
[BlackElo "2293"]
[PlyCount "79"]
[EventDate "2017.??.??"]

1. e4 c5 2. Nc3 Nc6 3. g3 g6 4. Bg2 Bg7 5. d3 d6 6. Be3 Nd4 7. Qd2 Qa5 8. f4 e6
9. Nf3 Ne7 10. O-O Nec6 11. Qf2 O-O 12. Nd2 Bd7 13. Nc4 Qc7 14. e5 d5 15. Nd6
a6 16. Bxd5 exd5 17. Nxd5 Qb8 18. c3 Nf5 19. Bxc5 Nxd6 20. Bxd6 Qd8 21. Bxf8
Qxf8 22. Nb6 Rd8 23. Nxd7 Rxd7 24. d4 Qe7 25. g4 Qe6 26. f5 Qd5 27. Rae1 Nd8
28. Qf4 b5 29. e6 fxe6 30. fxe6 Re7 31. Re5 Qd6 32. Qf3 h6 33. Rd5 Qc7 34. Rc5
Qd6 35. Qa8 Bxd4+ 36. cxd4 Qxd4+ 37. Kg2 Qxc5 38. Qxd8+ Kh7 39. Rf7+ Rxf7 40.
exf7 1-0

[Event "Mechanics' Winter TNM; G/2"]
[Site "San Francisco"]
[Date "2017.01.17"]
[Round "3.5"]
[White "Stearman, Josiah P"]
[Black "Hakobyan, Sos"]
[Result "1/2-1/2"]
[WhiteElo "2311"]
[BlackElo "1792"]
[PlyCount "104"]
[EventDate "2017.??.??"]

1. e4 e5 2. Nf3 Nc6 3. Bc4 Be7 4. d4 exd4 5. Nxd4 d6 6. Nc3 Nxd4 7. Qxd4 Bf6 8.
Qd5 Bxc3+ 9. bxc3 Qe7 10. Bb5+ Kf8 11. Qd4 Nf6 12. f3 a6 13. Be2 h6 14. a4 Qe5
15. Ba3 Kg8 16. O-O Bd7 17. Rab1 Bc6 18. Bd3 h5 19. Rfe1 h4 20. Bc1 Nh5 21. Bd2
Re8 22. Qe3 a5 23. f4 Qc5 24. Qxc5 dxc5 25. f5 c4 26. Bxc4 Rxe4 27. Bb5 Nf6 28.
Bxc6 bxc6 29. Bg5 Rxa4 30. Bxf6 gxf6 31. Ra1 Rc4 32. Rxa5 Kg7 33. Re3 Rd8 34.
h3 Rd1+ 35. Kh2 Rf4 36. Rf3 Re4 37. Rd3 Rf1 38. Rd4 Re5 39. Ra8 Rfxf5 40. Rxh4
Rg5 41. Rhh8 f5 42. h4 Rg4 43. h5 Kf6 44. Rh6+ Ke7 45. Rhh8 Kd6 46. Rhd8+ Ke6
47. Re8+ Kf6 48. Rxe5 Kxe5 49. Ra5+ Ke6 50. Rc5 Rh4+ 51. Kg3 Rxh5 52. Rxc6+ Kd7
{and draw another twenty moves later. Remaining moves unavailable.} 1/2-1/2

[Event "Mechanics' Fall TNM; G/2 d5"]
[Site "San Francisco"]
[Date "2017.11.28"]
[Round "6.1"]
[White "Stearman, Josiah P"]
[Black "Ivanov, Aleksandr"]
[Result "1-0"]
[WhiteElo "2320"]
[BlackElo "2143"]
[Annotator "Donaldson"]
[PlyCount "69"]
[EventDate "2017.??.??"]

1. e4 e5 2. Nf3 Nc6 3. Bc4 Bc5 4. O-O Nf6 5. d4 Bxd4 6. Nxd4 Nxd4 7. f4 d6 8.
fxe5 dxe5 9. Bg5 Qe7 (9... Be6) 10. Na3 Rg8 11. Bd5 c6 12. Bb3 Be6 13. Qe1 Qc5
14. Kh1 O-O-O 15. Bxf6 gxf6 16. Rxf6 Rg4 17. Rd1 Rdg8 18. Rd2 h5 19. Bxe6+ Nxe6
20. Qf1 b5 21. Rf3 Nd4 22. Rc3 Qb4 {White has been struggling, so now, with
Black getting low on time, he decides to mix it up.} 23. Rxd4 exd4 24. Rxc6+
Kb7 25. c3 Qxb2 26. Qxf7+ Ka8 27. g3 Qc1+ (27... Qe2) 28. Kg2 Qxa3 29. Qd5 Qb2+
30. Kf3 {Diagram [#]} (30. Kh3 Rh4+ $1) (30. Kh1 Qc1+ 31. Kg2 Qd2+ 32. Kh1 Qe1+
33. Kg2 Qxe4+) 30... Rf8+ $4 {Time pressure.} (30... Rf4+ 31. Kxf4 Qf2+ 32. Ke5
Rg5+ {wins.}) 31. Rf6+ Kb8 32. Rxf8+ Kc7 33. Rf7+ Kb6 34. Qd6+ Ka5 35. Rxa7#
1-0

[Event "Mechanics' Fall TNM; G/2 d5"]
[Site "San Francisco"]
[Date "2017.11.14"]
[Round "4.4"]
[White "Stearman, Josiah P"]
[Black "Maser, Thomas F"]
[Result "1-0"]
[WhiteElo "2320"]
[BlackElo "1945"]
[PlyCount "39"]
[EventDate "2017.??.??"]

1. e4 e5 2. Nf3 Nc6 3. Bc4 Nf6 4. Ng5 d5 5. exd5 Na5 6. Bb5+ c6 7. dxc6 bxc6 8.
Bd3 h6 9. Ne4 Be7 10. Nxf6+ Bxf6 11. Nc3 O-O 12. O-O Qc7 13. b3 Nb7 14. Ba3 Re8
15. Qf3 Qa5 16. Qxc6 Re6 17. Qa4 Qd8 18. Qe4 g6 19. Bc4 Re8 20. Qxg6+ 1-0

[Event "Mechanics' Winter TNM; G/2"]
[Site "San Francisco"]
[Date "2017.01.24"]
[Round "4.8"]
[White "Stearman, Josiah P"]
[Black "McKellar, Daniel"]
[Result "1-0"]
[WhiteElo "2311"]
[BlackElo "1770"]
[PlyCount "41"]
[EventDate "2017.??.??"]

1. e4 c5 2. Nc3 Nc6 3. g3 g6 4. Bg2 Bg7 5. d3 d6 6. Be3 Nf6 7. h3 Rb8 8. f4 b5
$2 {Diagram [#]} 9. e5 $1 Nd7 10. Bxc6 Qb6 11. Bg2 dxe5 12. Nf3 exf4 13. Bxf4
e5 14. Qe2 Qe6 15. Ng5 Qb6 16. Nd5 Qd8 17. O-O O-O 18. Be3 h6 19. Ne4 Bb7 20.
c4 Rc8 21. Nd6 1-0

[Event "Mechanics' Peter Grey TNM; G/2 d5"]
[Site "San Francisco"]
[Date "2017.08.15"]
[Round "2.1"]
[White "Stearman, Josiah P"]
[Black "McKellar, Daniel"]
[Result "1-0"]
[WhiteElo "2305"]
[BlackElo "1820"]
[Annotator "Donaldson"]
[PlyCount "39"]
[EventDate "2017.??.??"]

1. e4 c5 2. Nc3 Nc6 3. g3 g6 4. Bg2 Bg7 5. d3 d6 6. Be3 e5 7. Nge2 Nge7 8. Qd2
Nd4 9. O-O-O Bh3 $2 {
Diagram [#] This looks tempting but meets with a strong refutation.} (9... O-O)
(9... Bg4) 10. Bxh3 $1 Nf3 11. Bh6 $1 Nxd2 12. Bxg7 Rg8 13. Bf6 Nf3 (13... Qa5
14. Rxd2 {
White's three pieces are all very active and more than a match for the queen.})
14. Nd5 Qa5 15. Nxe7 Qxa2 16. c3 Rf8 17. Nd5 Qa5 18. Bg4 Nd4 19. cxd4 cxd4 20.
Kb1 1-0

[Event "Mechanics' Winter TNM; G/2"]
[Site "San Francisco"]
[Date "2017.02.14"]
[Round "7.7"]
[White "Stearman, Josiah P"]
[Black "Sevall, Jacob"]
[Result "1-0"]
[WhiteElo "2311"]
[BlackElo "2082"]
[PlyCount "87"]
[EventDate "2017.??.??"]

1. e4 e5 2. Nf3 Nc6 3. Bc4 Bc5 4. O-O Nf6 5. d4 Bxd4 6. Nxd4 Nxd4 7. f4 d6 8.
fxe5 dxe5 9. Bg5 Be6 10. Na3 h6 11. Bxf6 gxf6 12. c3 Bxc4 13. Nxc4 Ne6 14. Qa4+
Qd7 15. Qxd7+ Kxd7 16. Rxf6 Ke7 17. Raf1 Nf4 18. Rf5 f6 19. g3 Nh3+ 20. Kg2 Ng5
21. Rxf6 Nxe4 22. R6f5 Nd6 23. Rxe5+ Kd7 24. Nxd6 Kxd6 25. Rfe1 Rh7 26. c4 b6
27. Rd5+ Kc6 28. Re6+ Kb7 29. c5 c6 30. Rdd6 bxc5 31. Rxh6 Rxh6 32. Rxh6 Rd8
33. Rf6 Kc7 34. h4 Kd7 35. h5 Ke7 36. Rf2 Ke6 37. g4 Ke5 38. Kg3 Ke4 39. h6
Rd3+ 40. Kh4 Ke3 41. Rh2 Rd6 42. h7 Rd8 43. Kg3 Rh8 44. g5 1-0

[Event "Mechanics' Summer TNM; G/2 d5"]
[Site "San Francisco"]
[Date "2017.06.27"]
[Round "6.1"]
[White "Stearman, Josiah P"]
[Black "Shaw, Tenzing"]
[Result "0-1"]
[WhiteElo "2290"]
[BlackElo "2310"]
[Annotator "Winslow"]
[PlyCount "92"]
[EventDate "2017.??.??"]

1. e4 c5 2. Nc3 d6 3. g3 Nc6 4. Bg2 g6 5. d3 Bg7 6. Be3 e6 7. Qd2 Rb8 8. Nge2
Nd4 9. Bxd4 cxd4 10. Nb5 Qb6 11. Qb4 Ke7 12. Qb3 a6 13. Na3 Qxb3 14. axb3 Nf6
15. Nc4 Nd7 16. f4 b6 17. O-O Bb7 18. f5 gxf5 19. exf5 d5 20. Nd2 Rbc8 21. fxe6
fxe6 22. Nf3 Rxc2 23. Nexd4 Rxb2 24. Rae1 Bxd4+ 25. Nxd4 Nc5 26. Bh3 Bc8 27.
Nf5+ Kd7 28. Ng7 Kc6 (28... Kd6 29. Bxe6 (29. Rf6 Nxd3 30. Re3 Rb1+ 31. Kg2 Ke7
32. Rh6 Ne1+ 33. Kf2 Nc2 34. Nf5+ Kd8 35. Nd6 Nxe3 36. Nf7+ Ke7 37. Nxh8 Rxb3
$19 {? Really?}) 29... Bxe6 30. Rf6 Rg8 31. Nxe6 Rg6 $19) 29. Nxe6 Bxe6 30.
Bxe6 Rxb3 31. Rf6 Rd8 (31... Nxe6 32. Rexe6+ Kc5 33. Rc6+ Kd4 34. Rf4+ Ke3 35.
Re6+ Kxd3 36. Rf3+ Kc4 37. Rxb3 Kxb3 38. Rxb6+ Kc2 39. Rc6+ Kd3 (39... Kd2 40.
Rd6 (40. Rxa6 $4 d4) 40... Ra8 41. Rxd5+ Kc3 42. Rd7 a5 43. Rxh7 a4 44. Kg2 a3
45. Rc7+) 40. Rxa6) 32. Bf7+ Kb5 (32... Rd6 33. Be8+ Kc7 34. Rf7+ Kd8 35. Rxh7
$11) 33. Be8+ Rxe8 {Looked like a real chance...} 34. Rxe8 Rxd3 35. Kf1 (35.
Rh6 a5 36. Rb8 a4 37. Rbxb6+ Kc4 38. Rxh7 {"0.00" Stockfish 8; if it's going
to find a win I'm not going to wait up for it...}) 35... a5 36. Ke2 {
Well-meaning, but king centralization just wasn't the urgent matter here.} (36.
Rh6 $8 {is White's last and only chance according to the comp, at first, but}
Rd1+ 37. Kg2 Rb1 38. Rxh7 a4 {is still something (a win?) for Black.}) 36...
Rb3 37. Rd8 Kc4 38. Rfd6 (38. Rf4+ $5 Ne4 39. Ra8 Rb2+ 40. Ke3 Rxh2 {
"-/+" as opposed to "-+" everywhere else.}) 38... Ne4 {Now it's all Black wins}
39. Rc6+ Kd4 40. Kd1 b5 41. Kc2 a4 42. Rd7 h5 43. Rh7 Ke3 44. Rxh5 d4 45. Re5
d3+ 46. Kd1 a3 0-1

[Event "Mechanics' Peter Grey TNM; G/2 d5"]
[Site "San Francisco"]
[Date "2017.10.03"]
[Round "9.2"]
[White "Stearman, Josiah P"]
[Black "Walder, Michael S"]
[Result "1-0"]
[WhiteElo "2305"]
[BlackElo "2147"]
[Annotator "Donaldson"]
[PlyCount "49"]
[EventDate "2017.??.??"]

1. e4 e6 2. d3 d5 3. Qe2 Be7 4. Nf3 Nf6 5. e5 Nfd7 6. g3 c5 7. Bg2 Nc6 8. h4 b5
9. O-O O-O 10. h5 a5 11. Bf4 Ba6 12. g4 $2 b4 13. g5 a4 (13... c4 14. Rc1 cxd3
15. cxd3 Nc5 16. Qd2 Rc8 17. Bf1 f6 18. exf6 gxf6 19. g6 hxg6) 14. Bh3 Kh8 15.
c4 bxc3 16. bxc3 Rb8 17. Kg2 a3 18. Rh1 Rb2 19. Nbd2 Nb6 (19... d4 $1 20. c4
Bb7) 20. g6 fxg6 21. Bg3 Bg5 22. Bxe6 Rxf3 23. Qxf3 Rxd2 24. hxg6 Bh6 25. Rxh6
1-0

[Event "Mechanics' Summer TNM; G/2 d5"]
[Site "San Francisco"]
[Date "2017.06.20"]
[Round "5.3"]
[White "Stearman, Josiah P"]
[Black "Walder, Michael S"]
[Result "1-0"]
[WhiteElo "2290"]
[BlackElo "2141"]
[PlyCount "53"]
[EventDate "2017.??.??"]

1. e4 d6 2. d4 Nf6 3. Nc3 g6 4. f4 Bg7 5. Nf3 O-O 6. Be2 c5 7. dxc5 Qa5 8. O-O
Qxc5+ 9. Kh1 Bg4 10. h3 Bxf3 11. Rxf3 Nc6 12. Be3 Qa5 13. Bf2 Rfc8 14. a3 Qd8
15. Qg1 Nd7 16. Rd1 h6 17. g4 g5 18. h4 gxf4 19. g5 Kh7 20. Rxf4 Nde5 21. Bh5
hxg5 22. hxg5 Kg8 23. Nd5 Ng6 24. Bxg6 fxg6 25. Qg4 Be5 26. Qe6+ Kh8 27. Qf7
1-0

[Event "Mechanics' Fall TNM; G/2 d5"]
[Site "San Francisco"]
[Date "2017.12.19"]
[Round "9.2"]
[White "Stearman, Josiah P"]
[Black "Winslow, Elliott C"]
[Result "1-0"]
[WhiteElo "2320"]
[BlackElo "2318"]
[Annotator "Donaldson"]
[PlyCount "127"]
[EventDate "2017.??.??"]

1. e4 c5 2. Nc3 d6 3. f4 g6 4. Nf3 Bg7 5. Bc4 Nc6 6. O-O e6 7. d3 Nge7 8. Qe1
h6 9. Qh4 Nd4 10. Nxd4 cxd4 11. Ne2 d5 12. Bb3 dxe4 13. dxe4 Bd7 14. Rd1 Qb6
15. Qf2 Nc6 16. e5 f6 17. Nxd4 fxe5 18. fxe5 Rf8 19. Qe3 Nxd4 20. Rxd4 Rf5 21.
Re4 Rxe5 22. Rxe5 Bxe5 23. Qxb6 axb6 24. c3 g5 25. Be3 Bc7 26. Bd4 Ke7 27. Re1
Ra5 28. Bc4 b5 29. Bb3 Bd6 30. Rf1 b4 31. Bf6+ Ke8 32. Bc2 Bb5 33. Bg6+ Kd7 34.
Rd1 Kc7 35. Bb1 Bc6 $2 (35... bxc3 36. Bxc3 Ra8) 36. cxb4 Rd5 37. Rxd5 Bxd5 38.
a3 Bf4 39. g3 Be3+ 40. Kf1 Kd6 41. Ke2 Bg1 42. h3 Bg2 43. h4 gxh4 44. gxh4 e5
$2 (44... Bc6) (44... Bh2) 45. Bg7 h5 46. Bg6 Bd4 47. Bxh5 Bxb2 48. a4 Bd5 49.
Bg6 Bc4+ 50. Kd2 Ke7 51. h5 Bf7 52. Bxf7 Kxf7 53. h6 Kg6 54. Kc2 Bd4 55. Kd3
Bb2 56. Ke4 Bc3 57. b5 b6 58. Bxe5 Ba5 59. Bg7 Kh7 60. Kd5 Kg6 61. Kc6 Kh7 62.
Bd4 Kxh6 63. Bxb6 Bd2 64. a5 1-0

[Event "Mechanics' Peter Grey TNM; G/2 d5"]
[Site "San Francisco"]
[Date "2017.09.19"]
[Round "7.1"]
[White "Stearman, Josiah P"]
[Black "Winslow, Elliott C"]
[Result "0-1"]
[WhiteElo "2305"]
[BlackElo "2321"]
[PlyCount "38"]
[EventDate "2017.??.??"]

1. e4 c5 2. Nc3 Nc6 3. g3 g6 4. Bg2 Bg7 5. d3 d6 6. Be3 e5 7. Qd2 Nge7 8. Bh6
Bxh6 9. Qxh6 Nd4 10. O-O-O b5 11. Qg7 Rf8 12. Bh3 b4 13. Nd5 Nxd5 14. exd5 Bxh3
15. Nxh3 Nf5 16. Qxh7 Qf6 17. Ng5 Qxg5+ 18. f4 exf4 19. Rde1+ Kd7 0-1

[Event "Mechanics' Peter Grey TNM; G/2 d5"]
[Site "San Francisco"]
[Date "2017.08.29"]
[Round "4.1"]
[White "Stearman, Josiah P"]
[Black "Wong, Russell"]
[Result "1-0"]
[WhiteElo "2305"]
[BlackElo "2200"]
[PlyCount "63"]
[EventDate "2017.??.??"]

1. e4 c5 2. Nc3 a6 3. g3 b5 4. Bg2 Bb7 5. d3 e6 6. f4 Nf6 7. Nh3 b4 8. Ne2 d5
9. e5 Ng4 10. Ng5 h6 11. Nxf7 Kxf7 12. h3 Nf6 13. exf6 gxf6 14. O-O Qb6 15. Re1
d4 16. f5 e5 17. Nf4 h5 18. Nxh5 Bxg2 19. Kxg2 Nd7 20. g4 Qc6+ 21. Kh2 $6 (21.
Qf3) 21... Bd6 22. Re4 c4 23. Qf3 cxd3 24. cxd3 Nc5 25. Bd2 Qb5 $1 26. Rc1 Nxd3
$2 (26... Qxd3 $17) 27. Rc2 Nc5 $2 {Diagram #} 28. Rxc5 $1 Qxc5 29. Qb3+ Ke7
30. Qe6+ Kd8 31. Nxf6 Kc7 32. Re1 1-0

[Event "Mechanics' Fall TNM; G/2 d5"]
[Site "San Francisco"]
[Date "2017.11.28"]
[Round "6.49"]
[White "Stearman, Micah"]
[Black "Otterbach, Renate"]
[Result "1-0"]
[WhiteElo "1091"]
[BlackElo "1159"]
[Annotator "Donaldson"]
[PlyCount "61"]
[EventDate "2017.??.??"]

1. e4 e6 2. Nf3 d5 3. exd5 exd5 4. d4 Nf6 5. Nc3 Be7 6. Bg5 O-O 7. g3 Bg4 8.
Bg2 c6 9. O-O Nbd7 10. Qd3 h6 11. Bxf6 Nxf6 12. Ne5 Qc8 13. Rfe1 Bf5 14. Qd2
Bb4 15. a3 Bxc3 (15... Bd6) 16. Qxc3 Be4 17. f3 Bh7 18. Qd2 Rd8 (18... Re8) 19.
c4 c5 20. cxd5 Rxd5 21. Rac1 Qd8 22. Qf2 Rxd4 23. b3 Rd2 24. Qxc5 b6 $2 (24...
Nd7 $11) 25. Qb4 Rb8 $2 26. Nc6 a5 27. Qb5 Qd7 {Diagram [#]} 28. Re7 (28. Nxb8
Qxb5 29. Rc8+) 28... Bd3 (28... Qd6) 29. Rxd7 Bxb5 30. Rxd2 Rc8 31. Ne7+ 1-0

[Event "Mechanics' Summer TNM; G/2 d5"]
[Site "San Francisco"]
[Date "2017.07.11"]
[Round "7.23"]
[White "Stolpe, Samuel"]
[Black "Bannan, Frank"]
[Result "1-0"]
[WhiteElo "1633"]
[BlackElo "1923"]
[PlyCount "85"]
[EventDate "2017.??.??"]

1. d4 Nf6 2. Nf3 g6 3. e3 Bg7 4. Be2 O-O 5. O-O d6 6. c4 Bf5 7. Nc3 c5 8. Nh4
cxd4 9. Nxf5 dxc3 10. Nxg7 Kxg7 11. b4 Nc6 12. Qb3 c2 13. Bb2 Rc8 14. Rac1 Kg8
15. Rxc2 a5 16. a3 axb4 17. axb4 Qb6 18. Bxf6 exf6 19. Rd1 Ne7 20. Rcd2 Rcd8
21. Qc3 Kg7 22. Bf3 h5 23. h3 Qc7 24. Qd4 b6 25. Qf4 g5 26. Qd4 h4 27. Ra2 Kg6
28. Rda1 Nc8 29. Ra8 Rfe8 30. Qd3+ Kg7 31. Bg4 Qe7 32. R1a6 Qc7 33. Qd4 Qb7 34.
Bxc8 Rxc8 35. Rxc8 Rxc8 36. Rxb6 Qc7 37. Rxd6 Qxc4 38. Qxf6+ Kf8 39. Rd8+ Rxd8
40. Qxd8+ Kg7 41. Qxg5+ Kf8 42. Qc5+ Qxc5 43. bxc5 1-0

[Event "Mechanics' Summer TNM; G/2 d5"]
[Site "San Francisco"]
[Date "2017.06.20"]
[Round "5.34"]
[White "Stolpe, Samuel"]
[Black "Enkh, Tergelsar"]
[Result "1/2-1/2"]
[WhiteElo "1633"]
[BlackElo "1414"]
[PlyCount "46"]
[EventDate "2017.??.??"]

1. d4 d5 2. Nf3 Nf6 3. e3 Bg4 4. h3 Bxf3 5. gxf3 e6 6. c3 c5 7. Bd3 Nc6 8. b3
Qc7 9. Bb2 Bd6 10. Nd2 cxd4 11. cxd4 O-O 12. e4 dxe4 13. Nxe4 Nxe4 14. fxe4 e5
15. Rc1 Qb6 16. d5 Nd4 17. Bxd4 Qxd4 18. Rc4 Qb6 19. Qc1 Rad8 20. Rg1 Rd7 21.
Rxg7+ Kxg7 22. Qg5+ Kh8 23. Qf6+ Kg8 1/2-1/2

[Event "Mechanics' Peter Grey TNM; G/2 d5"]
[Site "San Francisco"]
[Date "2017.08.29"]
[Round "4.12"]
[White "Stolpe, Samuel"]
[Black "Jones, James E"]
[Result "0-1"]
[WhiteElo "1706"]
[BlackElo "2000"]
[Annotator "Donaldson"]
[PlyCount "82"]
[EventDate "2017.??.??"]

1. d4 c5 2. e3 Nf6 3. Nf3 g6 4. Nbd2 Bg7 5. dxc5 Qa5 6. a3 Qxc5 7. b4 Qc7 8.
Bb2 O-O 9. c4 d6 10. Be2 Nc6 11. O-O Bf5 12. Nd4 Nxd4 13. exd4 b5 14. Rc1 bxc4
15. Nxc4 Rac8 16. d5 Qb7 17. Bf3 Qb5 18. a4 (18. Na5 {
intending to bring the knight to c6 was stronger.}) 18... Qxb4 19. Ba3 Qb7 20.
g4 Qa6 21. Be2 Bxg4 22. Bxg4 Rxc4 23. Be2 Rxc1 24. Bxc1 Qa5 25. Bb5 Qb4 26. Re1
Qh4 27. Qf3 Rc8 28. Bf4 Nxd5 29. Bxd6 exd6 30. Qxd5 Be5 31. Qg2 Rc3 32. Bd7 Kg7
33. Rf1 f5 34. Bxf5 Qxa4 35. Qb7+ Kh6 36. Bd7 Qf4 37. Qg2 Kg7 38. f3 Qc4 39.
Qg4 Qc5+ 40. Kh1 Rc2 41. Ba4 Rxh2# 0-1

[Event "Mechanics' Peter Grey TNM; G/2 d5"]
[Site "San Francisco"]
[Date "2017.09.19"]
[Round "7.16"]
[White "Stolpe, Samuel"]
[Black "Kondakov, Adrian"]
[Result "1/2-1/2"]
[WhiteElo "1706"]
[BlackElo "1924"]
[PlyCount "105"]
[EventDate "2017.??.??"]

1. d4 Nf6 2. Nf3 g6 3. e3 Bg7 4. c4 O-O 5. Be2 d6 6. O-O Nc6 7. Nc3 e5 8. b3
Re8 9. d5 Ne7 10. e4 Nd7 11. Qc2 f5 12. Bd2 Nf6 13. Bd3 fxe4 14. Nxe4 Nxe4 15.
Bxe4 Nf5 16. Bg5 Bf6 17. Bxf6 Qxf6 18. Rae1 Bd7 19. Qd3 Ng7 20. Nd2 Nh5 21. g3
Bh3 22. Bg2 Bf5 23. Qe2 Ng7 24. Be4 Bh3 25. Bg2 Bxg2 26. Kxg2 Nf5 27. Ne4 Qe7
28. f4 exf4 29. Rxf4 Qg7 30. g4 Kh8 31. gxf5 gxf5+ 32. Kh1 fxe4 33. Rxe4 Rxe4
34. Qxe4 Rg8 35. Rf1 Qb2 36. Qf3 Qd4 37. Qf6+ Qxf6 38. Rxf6 Kg7 39. Rf2 Re8 40.
Kg2 Re3 41. Rf3 Re2+ 42. Rf2 Rxf2+ 43. Kxf2 Kf6 44. Kf3 Kg5 45. Kg3 h5 46. h4+
Kf5 47. Kf3 Ke5 48. Ke3 a5 49. a3 b6 50. a4 Kf5 51. Kf3 Ke5 52. Ke3 Kf5 53. Kf3
1/2-1/2

[Event "Mechanics' Peter Grey TNM; G/2 d5"]
[Site "San Francisco"]
[Date "2017.10.03"]
[Round "9.20"]
[White "Stolpe, Samuel"]
[Black "Touset, Stephen"]
[Result "1-0"]
[WhiteElo "1706"]
[BlackElo "1535"]
[PlyCount "31"]
[EventDate "2017.??.??"]

1. d4 Nf6 2. Nf3 d5 3. e3 c5 4. c3 e6 5. Bd3 Nc6 6. O-O Bd6 7. Nbd2 O-O 8. dxc5
Bxc5 9. e4 d4 $2 10. Nb3 Bb6 11. cxd4 Nxd4 12. Nbxd4 Bxd4 {Diagram [#]} 13. e5
$1 Ng4 14. Nxd4 Nxe5 15. Bxh7+ Kxh7 16. Qh5+ 1-0

[Event "Mechanics' Peter Grey TNM; G/2 d5"]
[Site "San Francisco"]
[Date "2017.08.15"]
[Round "2.6"]
[White "Stolpe, Samuel"]
[Black "Walder, Michael S"]
[Result "0-1"]
[WhiteElo "1706"]
[BlackElo "2147"]
[PlyCount "58"]
[EventDate "2017.??.??"]

1. d4 Nf6 2. Nf3 g6 3. e3 Bg7 4. c4 O-O 5. Be2 d6 6. Nc3 Nbd7 7. O-O e5 8. d5
a5 9. Qc2 Nc5 10. e4 Nh5 11. Bg5 f6 12. Be3 b6 13. a3 f5 14. b4 Nxe4 15. Nxe4
fxe4 16. Nd2 Nf4 17. Nxe4 Qh4 18. Bf3 Bf5 19. g3 Nh3+ 20. Kg2 Qe7 21. Rae1 Rf7
22. g4 Bd7 23. Nd2 Qh4 24. Qe4 Raf8 25. g5 Nf4+ 26. Kh1 Bf5 27. Bxf4 Bxe4 28.
Bg3 Bxf3+ 29. Nxf3 Qxc4 0-1

[Event "Mechanics' Peter Grey TNM; G/2 d5"]
[Site "San Francisco"]
[Date "2017.09.26"]
[Round "8.18"]
[White "Tamandong, Cesar"]
[Black "Liang, Ting"]
[Result "0-1"]
[WhiteElo "1600"]
[BlackElo "1559"]
[Annotator "Donaldson"]
[PlyCount "110"]
[EventDate "2017.??.??"]

1. d4 Nf6 2. c4 g6 3. Nf3 Bg7 4. g3 d6 5. Bg2 O-O 6. O-O c5 7. Nc3 cxd4 8. Nxd4
a6 9. e4 Nbd7 10. h3 Ne5 11. Qe2 Qb6 12. Nf3 Nh5 13. Be3 Qb4 14. Nxe5 Bxe5 15.
a3 Qb3 16. Rfc1 Be6 17. Bf1 Rac8 18. Nd5 Bxd5 19. exd5 Qxb2 20. Rab1 Qxa3 21.
g4 Nf4 22. Bxf4 Bxf4 23. Rc2 Rc7 24. Rcb2 Rb8 25. Rb3 Qc5 26. Qf3 Be5 27. h4 e6
28. dxe6 fxe6 29. Rxb7 Rcxb7 30. Rxb7 Rf8 31. Qe3 Bh2+ 32. Kh1 Qxe3 33. fxe3
Bg3 34. Kg2 Bxh4 35. Rb6 Rf2+ 36. Kg1 Ra2 37. Rxd6 Bf2+ 38. Kg2 Bxe3+ 39. Kf3
Bc5 40. Rc6 Ra3+ 41. Kg2 Be7 42. c5 a5 43. Bc4 Kf7 44. Bxe6+ Kf6 45. Bg8+ Kg7
46. Be6 Rc3 47. Rc7 Kf6 48. Bg8 h5 49. g5+ Kg7 50. c6 $4 (50. Bd5 $11) 50...
Kxg8 51. Rxe7 Rxc6 52. Kg3 Ra6 53. Re3 a4 54. Ra3 Ra5 55. Kh4 Kf7 0-1

[Event "Mechanics' Spring TNM; G/2"]
[Site "San Francisco"]
[Date "2017.03.28"]
[Round "3.10"]
[White "Tamondong, Cesar"]
[Black "Ivanov, Aleksandr"]
[Result "0-1"]
[WhiteElo "1600"]
[BlackElo "2092"]
[PlyCount "70"]
[EventDate "2017.??.??"]

1. d4 Nf6 2. Nf3 g6 3. g3 Bg7 4. Bg2 O-O 5. O-O d5 6. Nbd2 c5 7. c4 cxd4 8.
Nxd4 e5 9. N4f3 e4 10. Nd4 Nc6 11. Nxc6 bxc6 12. e3 Bg4 13. Qa4 Qb6 14. Re1 Nd7
15. cxd5 cxd5 16. Nb3 Ne5 17. Nd4 Nd3 18. Rf1 Bxd4 19. Qxd4 Qxd4 20. exd4 Be2
21. Bh6 Bxf1 22. Bxf1 Rfc8 23. Bxd3 exd3 24. Rd1 Rc2 25. Rxd3 Rxb2 26. Ra3 a5
27. Kg2 a4 28. Kf3 f6 29. Rc3 Rxa2 30. Rc7 a3 31. Rg7+ Kh8 32. Rd7 Rc2 33. Bg7+
Kg8 34. Bxf6 a2 35. Rg7+ Kf8 0-1

[Event "Mechanics' Summer TNM; G/2 d5"]
[Site "San Francisco"]
[Date "2017.06.20"]
[Round "5.39"]
[White "Than, Maung Nyunt"]
[Black "Agdamag, Samuel Za"]
[Result "1-0"]
[WhiteElo "1175"]
[BlackElo "1522"]
[PlyCount "113"]
[EventDate "2017.??.??"]

1. c4 b6 2. Nc3 e6 3. e4 Bb4 4. Nge2 Bb7 5. a3 Be7 6. g3 Nf6 7. Bg2 d6 8. d3
Nbd7 9. O-O O-O 10. Re1 Qc8 11. b4 Re8 12. d4 e5 13. d5 Rf8 14. Bg5 Qd8 15. h3
Ne8 (15... Nxd5) 16. Be3 Bc8 17. Qd2 f5 18. Kh2 g5 19. exf5 Rxf5 20. Ng1 Nf8
21. Ne4 h6 22. Rf1 Ng6 23. Ne2 Ng7 24. c5 Qf8 25. c6 Ba6 26. a4 Bc4 27. Rfc1 b5
28. a5 a6 29. Rd1 Kh8 30. N2c3 Qg8 31. Qc2 Raf8 32. Nd2 Bd8 33. Nxc4 bxc4 34.
Be4 R5f6 35. Bxg6 Nf5 36. Bxf5 Rxf5 37. Ne4 Qg6 38. Qxc4 Rf3 39. Rf1 Qh5 40.
Nd2 R3f7 41. Qxa6 g4 42. h4 Bxh4 43. Rh1 Bg5+ 44. Kg2 Qg6 45. Raf1 Qf6 46. Qe2
Qf5 47. Bxg5 Qxg5 48. b5 Rf3 49. b6 R3f7 50. b7 e4 51. Qe3 Rxf2+ 52. Rxf2 Qxe3
53. Rxf8+ Kg7 54. b8=Q Qxd2+ 55. Rf2 Qxa5 56. Qf8+ Kh7 57. Rf7+ 1-0

[Event "Mechanics' Peter Grey TNM; G/2 d5"]
[Site "San Francisco"]
[Date "2017.08.08"]
[Round "1.23"]
[White "Than, Maung Nyunt"]
[Black "Boldi, Ethan"]
[Result "0-1"]
[WhiteElo "1355"]
[BlackElo "1872"]
[Annotator "Donaldson"]
[PlyCount "52"]
[EventDate "2017.??.??"]

1. c4 e5 2. g3 f5 3. Nc3 Nf6 4. Bg2 c6 5. d3 d5 6. cxd5 cxd5 7. Bg5 d4 8. Bxf6
gxf6 9. Nd5 Nc6 10. e3 $2 Be6 $1 11. Qb3 Nb4 (11... Bb4+ $1 12. Kf1 O-O) 12.
Nc7+ Qxc7 13. Qxe6+ Be7 14. Rd1 Rd8 15. Bf3 Rd6 16. Qxf5 dxe3 17. Ne2 Nc2+ 18.
Kf1 exf2 19. Kxf2 Qb6+ 20. d4 exd4 21. Rd3 Nb4 22. Rb3 (22. Nf4) 22... d3+ 23.
Kg2 dxe2 24. Rc1 (24. Re1) 24... O-O 25. Bxe2 Qd4 26. Rc4 Qd5+ 0-1